Catálogo
 En Linea

Desembarco en Luperón : (Registro nro. 36009)

Detalles MARC
000 -CABECERA
campo de control de longitud fija 00702nam a2200193 a 4500
001 - NÚMERO DE CONTROL
campo de control 000036518
005 - FECHA Y HORA DE LA ÚLTIMA TRANSACCIÓN
campo de control 20240409073644.0
008 - DATOS DE LONGITUD FIJA--INFORMACIÓN GENERAL
campo de control de longitud fija 120119s1956 mx r 000 0 spa d
040 ## - FUENTE DE LA CATALOGACIÓN
Centro catalogador/agencia de origen DO-SdBNP
Lengua de catalogación spa
Centro/agencia transcriptor BNPHU
082 ## - NÚMERO DE LA CLASIFICACIÓN DECIMAL DEWEY
Número de clasificación 972.93053
Número de documento/Ítem O74d
100 1# - ENTRADA PRINCIPAL--NOMBRE DE PERSONA
Nombre de persona Ornes, Horacio
9 (RLIN) 44011
245 10 - MENCIÓN DE TÍTULO
Título Desembarco en Luperón :
Resto del título episodio de la lucha por la democracia en la República Dominicana /
Mención de responsabilidad, etc. Horacio Ornes ; prólogo Juan José Arevalo.
260 ## - PUBLICACIÓN, DISTRIBUCIÓN, ETC.
Lugar de publicación, distribución, etc. México :
Nombre del editor, distribuidor, etc. Humanismo,
Fecha de publicación, distribución, etc. 1956.
300 ## - DESCRIPCIÓN FÍSICA
Extensión 187 p. ;
Dimensiones 20 cm.
590 ## - NOTA LOCAL (RLIN)
Nota local Inventariado, 2018/ YL
651 #4 - PUNTO DE ACCESO ADICIONAL DE MATERIA--NOMBRE GEOGRÁFICO
Nombre geográfico República Dominicana
Subdivisión general Historia
Subdivisión cronológica 1930-
9 (RLIN) 62766
700 1# - PUNTO DE ACCESO ADICIONAL--NOMBRE DE PERSONA
Nombre de persona Arevalo, Juan José,
Término indicativo de función/relación prol.
9 (RLIN) 37244
910 ## - DATOS DE OPCIÓN DEL USUARIO (OCLC)
Datos de opción del usuario Validado. Control de calidad MFF
Existencias
Estado de retiro Estado de pérdida Restricciones de uso No para préstamo Código de colección Localización permanente Ubicación/localización actual Ubicación en estantería Fecha de adquisición Número de inventario Total de préstamos Signatura topográfica completa Código de barras Fecha visto por última vez Precio válido a partir de Tipo de ítem Koha
      Excluido de préstamo Raros y valiosos General General Depósito 19.01.2012 LF1   972.93053 O74d 36519-10 25.06.2020 25.06.2020 No se presta

Con tecnología Koha